| 000 | 00942nam a2200217Ii 4500 | ||
|---|---|---|---|
| 003 | JO-AjNU | ||
| 008 | 230605s9999||||xx |||||||||||||| ||und|| | ||
| 017 | _a2001/2/323 | ||
| 040 |
_aJO-AjNU _bara _erda _cJO-AjNU |
||
| 041 | _aara | ||
| 050 | 1 | 4 | _aHJ9750 .I2762 2005 |
| 100 | 3 |
_aتاليف: ابراهيم، محمود احمد / م.مشارك: ساطع رزوق، عبدالعزيز الدغيم, _eauthor _927589 |
|
| 245 | 0 | 0 | _aانظمة محاسبة التكاليف المحددة مقدماً: نظام التكاليف التقديرية ونظام التكاليف المعيارية |
| 250 | _aط1 | ||
| 264 | 3 | 1 | _aعمان: مؤسسة الوراق للنشر والتوزيع، 2005 |
| 300 |
_a400ص _bيحتوي على ببلوغرافية من 399-400ص |
||
| 336 |
_atext _btxt _2rdacontent |
||
| 337 |
_aunmediated _bn _2rdamedia |
||
| 338 |
_avolume _bnc _2rdacarrier |
||
| 650 | 4 |
_aمحاسبة التكاليف _927590 |
|
| 999 |
_aA10599 _c14167 _d14167 |
||